Acústica arquitectónica y urbanística /

Salvato in:
Dettagli Bibliografici
Autore principale: Llinares Galiana, Jaime (autor)
Altri autori: Sancho Vendrell, Javier (autor) (autor), Llopis Reyna, Ana (autor) (autor)
Natura: Libro
Lingua:spagnolo
Pubblicazione: Valencia, España : Universidad Politécnica de Valencia, 1996, c1996
Soggetti:
Tags: Aggiungi Tag
Nessun Tag, puoi essere il primo ad aggiungerne!!

MARC

LEADER 00000nam^a2200000^a^4500
001 000155421
005 20250521000000.0
009 20260310100428.9
020 |a 84-7721-441-7 
037 |a Acervo ITESO - Biblioteca 
041 |a ESP 
082 |a 720. 1016  |b LLI 
100 |a Llinares Galiana, Jaime  |e (autor) 
245 1 0 |a Acústica arquitectónica y urbanística /  |c J. Llinares Galiana, J. Sancho Vendrell, A. Llopis Reyna. 
264 4 |a Valencia, España :  |b Universidad Politécnica de Valencia,  |c 1996, c1996 
300 |a 368 p. 
336 |a texto  |b txt  |2 rdacontenido 
337 |a sin mediación  |b n  |2 rdamedio 
338 |a volumen  |b nc  |2 rdasoporte 
649 |a XX 
650 |a Eco 
650 |a Vibración 
650 |a Ruido 
650 |a Aislamiento Acústico 
650 |a Impacto Ambiental 
650 |a Medio Ambiente 
650 |a Acústica Arquitectónica 
650 |a Ingeniería Acústica 
650 |a Arquitectura 
700 |a Sancho Vendrell, Javier  |e (autor) 
700 |a Llopis Reyna, Ana  |e (autor) 
910 |a Fondo General 
920 |a Impresos - Libros 
930 |a Colección General 
905 |a 101 
901 |a 0500010749  |b IT1  |c ACC  |u 20250521 
902 |a https://opac.biblio.iteso.mx/vufind/Record/000155421